Demography and Democracy (Record no. 13954)

MARC details
000 -LEADER
fixed length control field 00626nam a2200241 a 4500
020 ## - INTERNATIONAL STANDARD BOOK NUMBER
ISBN 9788125042921
082 00 - DEWEY DECIMAL CLASSIFICATION NUMBER
Classification number 305.3
Author Cutter BAN
100 ## - MAIN ENTRY--AUTHOR NAME
Author name Bannerji, Himani
245 ## - TITLE STATEMENT
Title Demography and Democracy
Sub title Essays on Nationalism, Gender and Ideology
260 ## - PUBLICATION, DISTRIBUTION, ETC. (IMPRINT)
Place of publication New Delhi
Name of publisher Orient Blackswan
Year of publication 2011
300 ## - PHYSICAL DESCRIPTION
Number of Pages 274p
500 ## - GENERAL NOTE
General note includes index and biblioraphy
505 2# - FORMATTED CONTENTS NOTE
Formatted contents note Index
650 ## - SUBJECT ADDED ENTRY--TOPICAL TERM
Topical Term Gender
942 ## - ADDED ENTRY ELEMENTS (KOHA)
Koha item type Books
700 1# -
-- Bannerji, Himani
Holdings
Collection code Home library Current library Date acquired Cost, normal purchase price Full call number Accession Number Koha item type
  Henry Martyn Institute Library Henry Martyn Institute Library 12/15/2011 595.00 305.3 BAN 023759 Books
                   Copyright © 2026 | Henry Martyn Institute | Hyderabad | TS-500052 | INDIA | Implemented by hmi.edu.in
Hit-Count:

Powered by Koha